000 00343nam a2200133Ia 4500
008 240624s9999 xx 000 0 und d
041 _aeng
082 _a658.4092 MAR
100 _aMARQUARDT MICHAEL J
245 _aLEADING WITH QUESTIONS HOW LEADERS FIND
260 _c2008
_aNew Delhi
_bWiley India
300 _a224 : p.
365 _cRS
_b33.33
999 _c9215
_d9215